Me and Mr Jones

Bibliographic Details
Main Author: Diamond, Lucy (Author)
Format: Book
Language:English
Published: London : Pan Books 2016
Subjects:

MARC

LEADER 00000cam a2200000 7i4500
001 0000028126
005 20241121.0
008 180918 enk eng
020 |a 9781509811083 
040 |a INS   |b eng   |e rda 
090 0 0 |a PR881   |b D53 2016 
100 1 |a Diamond, Lucy ,   |e author 
245 1 0 |a Me and Mr Jones   |c Lucy Diamond 
264 1 |a London :   |b Pan Books   |c 2016 
264 4 |c ©2012 
300 |a 478 pages ;   |c 20 cm. 
336 |a text  |2 rdacontent 
337 |a unmediated  |2 rdamedia 
338 |a volume  |2 rdacarrier 
650 0 |a Wives   |x Fiction 
650 0 |a Family-owned business enterprises   |x Fiction 
650 0 |a Love stories 
999 |a 1000003564   |b BOOK   |c Open Shelf   |e Default branch